Comparable evidence in property valuation (Record no. 113272)

MARC details
000 -LEADER
fixed length control field 01282cad a22002415a 4500
001 - CONTROL NUMBER
control field L154989
008 - FIXED-LENGTH DATA ELEMENTS--GENERAL INFORMATION
fixed length control field 120214s2012 xxk f 000 0 eng d
020 ## - INTERNATIONAL STANDARD BOOK NUMBER
ISBN 9781842196847
035 ## - SYSTEM CONTROL NUMBER
System control number (Sirsi) u154989
041 0# - LANGUAGE CODE
Language code of text/sound track or separate title eng
050 04 - Library of Congress Classification
Class mark 333.332 $1 8
110 2# - MAIN ENTRY--CORPORATE NAME
Corporate author Royal Institution of Chartered Surveyors
245 00 - TITLE STATEMENT
Title Comparable evidence in property valuation
Medium [archived]
260 ## - PUBLICATION INFORMATION
Place of publication Coventry
Publisher RICS
Date 2012
490 #0 - SERIES TITLE
Series statement RICS Information Paper
Volume (IP 26/2012)
490 #0 - SERIES TITLE
Series statement RICS Valuation
520 ## - ABSTRACT
Abstract Covering most types of real estate asset, this information paper discusses the use of comparable evidence in property valuation and aims to: outline the principles of comparable evidence use, encourage consistency in its application worldwide, address issues of availability and the use of comparable evidence under challenging market conditions and consider the potential sources of comparable evidence. Superseded by Comparative evidence in real estate valuation 1st ed 2019 9781783213733
590 ## - LOCAL NOTE (RLIN)
Local note KA
651 #4 - SUBJECT ADDED ENTRY--GEOGRAPHIC NAME
Geographic name United Kingdom
690 ## - BROAD SUBJECT
Broad subject Valuation
9 (RLIN) 6273
856 40 - ONLINE RESOURCE
Uniform Resource Identifier <a href="https://www.isurv.com/downloads/file/3368/archive_comparable_evidence_in_property_valuation_february_2012-november_2017">https://www.isurv.com/downloads/file/3368/archive_comparable_evidence_in_property_valuation_february_2012-november_2017</a>
Public note archived on isurv (subscription required)
942 ## - ADDED ENTRY ELEMENTS (KOHA)
Suppress in OPAC Do not suppress in OPAC
Holdings
Lost status Source of classification or shelving scheme Damaged status Not for loan Home library Current library Shelving location Date acquired Total Checkouts Full call number Date last seen Copy number Price effective from Koha item type Barcode
  Dewey Decimal Classification     Archives Archives RICS Boxes 17/12/2013   RICS 2012/5 06/08/2019 1 06/08/2019 Archive 30077315
  Dewey Decimal Classification     London London RICS Boxes 21/03/2012   RICS 2012/5 06/08/2019 1 06/08/2019 Book 30077318
  Dewey Decimal Classification     London London RICS Boxes 21/03/2012   RICS 2012/5 06/08/2019 4 06/08/2019 Book 30077310
  Dewey Decimal Classification     Virtual Virtual Books 14/02/2012   isurv 14/11/2023 1 06/08/2019 Online material